Procesado de frutas

Salvato in:
Dettagli Bibliografici
Autori principali: Arthey, David (Autore), Ashurst, P. R (Autore)
Natura: Libro
Lingua:spagnolo
Pubblicazione: Zaragoza Acribia 1997
Serie:Colección Ciencia y Tecnología de los alimentos
Soggetti:
Tags: Aggiungi Tag
Nessun Tag, puoi essere il primo ad aggiungerne!!

MARC

LEADER 00000nam a2200000 a 4500
001 UCP5058
003 CL-VaPUC
008 990827e19970000SP |||||||||||||||||spa|d
082 0 4 |a 664.8  |b ART  |2 21 
100 |a Arthey, David  |e author  |9 328021 
700 0 |a Ashurst, P. R  |e author  |9 433158 
245 1 0 |a Procesado de frutas 
300 |a 273 p 
942 |c BK 
945 |d 19990827 00:00:00  |a vberengu 
260 |a Zaragoza  |b Acribia  |c 1997 
650 0 |a Alimentación humana  |9 433159 
650 0 |a Etileno  |9 362384 
650 0 |a Frutas  |9 259500 
650 7 |a MADURACION  |2 CL-VaPUC  |9 264873 
650 0 |a Nutrición   |9 259434 
650 0 |a Productos de origen vegetal  |9 407483 
650 7 |a PRODUCTOS DERIVADOS DE LAS FRUTAS  |2 CL-VaPUC  |9 406624 
650 0 |a Alimentos enlatados   |9 362669 
583 |a last modification  |c 19990827 00:00:00  |k Rodrigo Vera 
490 0 |a Colección Ciencia y Tecnología de los alimentos 
999 |c 282884  |d 282882 
952 |0 0  |1 0  |4 0  |6 664_800000000000000_ART_1997  |7 0  |8 A  |9 325471  |a BIBAGR  |b BIBAGR  |d 2019-11-20  |i 3549941  |o 664.8 ART 1997  |p 3549941  |r 2025-01-20  |w 2019-11-20  |y BK  |k AGR 
952 |0 0  |1 0  |4 0  |6 664_800000000000000_ART_1997  |7 0  |8 A  |9 325472  |a BIBAGR  |b BIBAGR  |d 2019-11-20  |i 354995K  |o 664.8 ART 1997  |p 354995K  |r 2025-01-20  |w 2019-11-20  |y BK  |k AGR